[Event "COL-ch sf3 U18"]
[Site "Bogota"]
[Date "2019.06.09"]
[Round "6.15"]
[White "Real Vega, Elizabeth"]
[Black "Obando Gonzalez, Luis Alejandro"]
[Result "1-0"]
[WhiteElo "1358"]
[BlackElo "1280"]
[PlyCount "43"]
[EventDate "2019.06.06"]
[EventType "swiss"]
[EventRounds "6"]
[EventCountry "COL"]
[SourceTitle "EXT 2024"]
[Source "ChessBase"]
[SourceDate "2023.10.10"]
[SourceVersion "1"]
[SourceVersionDate "2023.10.10"]
[SourceQuality "1"]

1. e4 c6 2. d4 d5 3. e5 Bf5 4. Nf3 e6 5. Bd3 Bxd3 6. Qxd3 Nd7 7. 0-0 c5 8. b3 cxd4 9. Qxd4 Bc5 10. Qg4 Nf8 11. Be3 Bxe3 12. fxe3 Ng6 13. Ng5 Nxe5 14. Qg3 f6 15. Nxe6 Qd7 16. Nxg7+ Kf8 17. Nf5 Rc8 18. Na3 Ne7 19. Qg7+ Ke8 20. Qxh8+ Kf7 21. Qxh7+ Ke6 22. Nxe7 1-0

[Event "Bogota sf2 U16"]
[Site "Bogota"]
[Date "2018.04.01"]
[Round "6.17"]
[White "Macias Chavarro, Manuela"]
[Black "Real Vega, Elizabeth"]
[Result "1-0"]
[WhiteElo "1417"]
[BlackElo "1409"]
[PlyCount "31"]
[EventDate "2018.03.29"]
[EventType "swiss"]
[EventRounds "6"]
[EventCountry "COL"]
[SourceTitle "EXT 2024"]
[Source "ChessBase"]
[SourceDate "2023.10.10"]
[SourceVersion "1"]
[SourceVersionDate "2023.10.10"]
[SourceQuality "1"]

1. e4 e5 2. Nf3 Nc6 3. Bc4 Nf6 4. d3 Bc5 5. Bg5 h6 6. Bh4 d6 7. h3 Qd7 8. a3 d5 9. Bb5 Qe6 10. Nc3 Bd7 11. Bxf6 Qxf6 12. Nxd5 Qd6 13. Nd2 Ne7 14. Nc4 Qg6 15. Bxd7+ Kxd7 16. Nxe5+ 1-0

[Event "Bogota sf2 U16"]
[Site "Bogota"]
[Date "2018.03.29"]
[Round "1.5"]
[White "Arciniegas Castro, Santiago"]
[Black "Real Vega, Elizabeth"]
[Result "1-0"]
[WhiteElo "1729"]
[BlackElo "1409"]
[PlyCount "41"]
[EventDate "2018.03.29"]
[EventType "swiss"]
[EventRounds "6"]
[EventCountry "COL"]
[SourceTitle "EXT 2024"]
[Source "ChessBase"]
[SourceDate "2023.10.10"]
[SourceVersion "1"]
[SourceVersionDate "2023.10.10"]
[SourceQuality "1"]

1. d4 d5 2. Bf4 Nf6 3. e3 a6 4. Bd3 Nc6 5. c3 Bg4 6. Nf3 e6 7. Nbd2 h6 8. h3 Bf5 9. Bxf5 exf5 10. a4 Bd6 11. Ne5 Qe7 12. Ndf3 Nh5 13. Qb3 0-0 14. Qxd5 Nxf4 15. exf4 Nxe5 16. fxe5 c6 17. Qxd6 Qxd6 18. exd6 Rad8 19. 0-0-0 Rxd6 20. Rhe1 Rfd8 21. Re7 1-0

[Event "Zipaquira sf3 U16 Girls"]
[Site "Zipaquira"]
[Date "2017.04.02"]
[Round "6.3"]
[White "Real Vega, Elizabeth"]
[Black "Pinillo Canon, Silvana"]
[Result "0-1"]
[WhiteElo "1394"]
[BlackElo "1586"]
[PlyCount "72"]
[EventDate "2017.03.30"]
[EventType "swiss"]
[EventRounds "6"]
[EventCountry "COL"]
[SourceTitle "EXT 2024"]
[Source "ChessBase"]
[SourceDate "2023.10.10"]
[SourceVersion "1"]
[SourceVersionDate "2023.10.10"]
[SourceQuality "1"]

1. e4 e5 2. Nf3 Nc6 3. Bc4 Bc5 4. 0-0 Nf6 5. d3 d6 6. h3 0-0 7. Bg5 Na5 8. Nc3 Nxc4 9. dxc4 c6 10. a3 a5 11. Qd3 Qe7 12. Nh4 h6 13. Bd2 Bb6 14. Nf5 Bxf5 15. exf5 Qd7 16. Qf3 Rfe8 17. Ne4 Nxe4 18. Qxe4 Qe7 19. Qg4 Qf6 20. Rfe1 Rad8 21. Qh5 d5 22. Rad1 dxc4 23. Re4 Rd4 24. Rg4 Red8 25. Rxd4 Rxd4 26. g3 Qd6 27. Qe2 Bc5 28. c3 Rd3 29. Kh2 Qd5 30. f6 g6 31. f4 e4 32. f5 e3 33. fxg6 Rxd2 34. Rxd2 Qxd2 35. Qg2 Qxg2+ 36. Kxg2 e2 0-1

[Event "COL-ch Superate A (Women)"]
[Site "Bogota"]
[Date "2016.11.05"]
[Round "8.4"]
[White "Jaraba Andrade, Aura"]
[Black "Real Vega, Elizabeth"]
[Result "1-0"]
[WhiteElo "1544"]
[BlackElo "1425"]
[PlyCount "58"]
[EventDate "2016.11.05"]
[EventType "swiss (blitz)"]
[EventRounds "10"]
[EventCountry "COL"]
[SourceTitle "EXT 2024"]
[Source "ChessBase"]
[SourceDate "2023.10.10"]
[SourceVersion "1"]
[SourceVersionDate "2023.10.10"]
[SourceQuality "1"]

1. e4 e5 2. Nf3 Nc6 3. Bb5 a6 4. Ba4 Bc5 5. 0-0 Nf6 6. d3 0-0 7. Nbd2 d6 8. c3 Bg4 9. Re1 b5 10. Bc2 b4 11. Nf1 d5 12. Ng3 Re8 13. h3 Bh5 14. Nxh5 Nxh5 15. exd5 Qxd5 16. Bb3 Qd7 17. Nxe5 Nxe5 18. Qxh5 Nf3+ 19. Qxf3 Rxe1+ 20. Kh2 Bd6+ 21. g3 Rae8 22. a3 R8e5 23. axb4 Rf5 24. Qa8+ Bf8 25. Qg2 Qxd3 26. Be3 Rxa1 27. Bd5 Qd1 28. Be4 Rf6 29. Bd4 c5 1-0

[Event "COL-ch Superate A (Women)"]
[Site "Bogota"]
[Date "2016.11.05"]
[Round "7.4"]
[White "Real Vega, Elizabeth"]
[Black "Jaraba Andrade, Aura"]
[Result "0-1"]
[WhiteElo "1425"]
[BlackElo "1544"]
[PlyCount "54"]
[EventDate "2016.11.05"]
[EventType "swiss (blitz)"]
[EventRounds "10"]
[EventCountry "COL"]
[SourceTitle "EXT 2024"]
[Source "ChessBase"]
[SourceDate "2023.10.10"]
[SourceVersion "1"]
[SourceVersionDate "2023.10.10"]
[SourceQuality "1"]

1. e4 e5 2. Nf3 Nf6 3. Bc4 c6 4. Nc3 Bb4 5. 0-0 d6 6. d3 0-0 7. Bg5 Nbd7 8. a3 Ba5 9. b4 Bb6 10. Qd2 Re8 11. d4 exd4 12. Nxd4 h6 13. Bxh6 gxh6 14. Nf5 Nxe4 15. Qxh6 Qg5 16. Nxe4 Qxf5 17. Bd3 Qe6 18. Qg5+ Qg6 19. Nf6+ Kg7 20. Bxg6 Nxf6 21. Bd3+ Kf8 22. Qxf6 Re6 23. Qh8+ Ke7 24. Qh4+ Kd7 25. Bf5 Kc7 26. Bxe6 Bxe6 27. Qe7+ Kc8 0-1

[Event "COL-ch Superate A (Women)"]
[Site "Bogota"]
[Date "2016.11.04"]
[Round "2.1"]
[White "Real Vega, Elizabeth"]
[Black "Moncada Correa, Sara"]
[Result "0-1"]
[WhiteElo "1425"]
[BlackElo "1550"]
[PlyCount "50"]
[EventDate "2016.11.04"]
[EventType "swiss (rapid)"]
[EventRounds "5"]
[EventCountry "COL"]
[SourceTitle "EXT 2024"]
[Source "ChessBase"]
[SourceDate "2023.10.10"]
[SourceVersion "1"]
[SourceVersionDate "2023.10.10"]
[SourceQuality "1"]

1. e4 c5 2. Nf3 Nc6 3. Bc4 Nf6 4. d3 g6 5. Bg5 Bg7 6. 0-0 0-0 7. Nc3 d6 8. h3 Na5 9. Bb3 Nxb3 10. axb3 a6 11. Qd2 Rb8 12. Bh6 b5 13. Ne2 Qb6 14. Rab1 b4 15. Rfe1 a5 16. Ng3 Nd7 17. Nf5 Bxh6 18. Qxh6 gxf5 19. exf5 d5 20. Rxe7 Qxh6 21. Rbe1 Ra8 22. Nh2 a4 23. Ng4 Qg5 24. R1e3 Nf6 25. Rg3 Kh8 0-1